Dieselové tromfy Chevrolet predviedol svoje nové motory v Salamanke

Bibliographic Details
Main Author: Kríž, Ľuboš (Author)
Format: Article
Language:Slovak
PhysicalDescription:Fotogr.
ISSN:1335-0730
Subjects:

MARC

LEADER 00000nab a2200000 ar4500
001 vtls008984628
003 SK-MaSNL
005 20260303065408.0
008 070429c2007 xo wr|p|||||||000 b|slo
015 |a SNBRB2007/04  |2 snkbucl 
038 |a SNKBUCL 
040 |a SNKBUCL  |b slo  |c SNKBUCL  |e AACR2 
041 0 |a slo 
044 |a xo  |c SK 
080 |a 629.331.1  |2 2001 
100 1 |a Kríž, Ľuboš  |4 aut  |9 267426 
245 1 0 |a Dieselové tromfy  |b Chevrolet predviedol svoje nové motory v Salamanke  |c Ľuboš Kríž 
300 |b Fotogr. 
650 0 7 |a Chevrolet (osobný automobil)  |2 snkbucl  |9 1064510 
650 0 7 |a osobné automobily  |2 snkbucl  |9 26643 
773 0 |t Stop  |g Roč. XXXVII, č. 8 (2007), s. 20-21  |x 1335-0730 
852 |a SNK  |b KIS3GCP 
999 |c 1751025  |d 1752955